000 00401nam a2200109Ia 4500
008 160909s9999 xx 000 0 und d
100 _aHoehl, Jeffery Arthur
245 _aExploring Web Simplification for People with Cognitive Disabilities
260 _bUniversity of Colorado at Boulder.
_c2016
650 _aInformation Technology
856 _uhttp://pqdtopen.proquest.com/doc/1794655985.html?FMT=ABS
999 _c303770
_d303770